Colonial Desires: (Record no. 1058)
[ view plain ]
| 000 -LEADER | |
|---|---|
| fixed length control field | 00504nam a2200193Ia 4500 |
| 005 - DATE AND TIME OF LATEST TRANSACTION | |
| control field | 20250312045230.0 |
| 008 - FIXED-LENGTH DATA ELEMENTS--GENERAL INFORMATION | |
| fixed length control field | 240331s9999 xx 000 0 und d |
| 020 ## - INTERNATIONAL STANDARD BOOK NUMBER | |
| ISBN | 0415053730 |
| 082 ## - DDC Classification | |
| Class No. | 301.01 |
| Item Number - Author Mark | YOU |
| DDC Edition Number | 5439 |
| 100 ## - MAIN ENTRY--PERSONAL NAME | |
| Personal name | Young, R. J. C |
| 245 #0 - TITLE STATEMENT | |
| Title | Colonial Desires: |
| Remainder of title | Hybridity in Theory, Culture and Race |
| 260 ## - PUBLICATION, DISTRIBUTION, ETC. | |
| Place of publication, distribution, etc. | New York; |
| -- | London, |
| Name of publisher, distributor, etc. | Routledge |
| Date of publication, distribution, etc. | 1995 |
| 300 ## - PHYSICAL DESCRIPTION | |
| Extent (e.g. Volumes, Pages etc.) | xiii, 236 p., (C II) |
| 650 ## - SUBJECT ADDED ENTRY--TOPICAL TERM | |
| Topical term or geographic name entry element | Colonialism |
| 650 ## - SUBJECT ADDED ENTRY--TOPICAL TERM | |
| Topical term or geographic name entry element | Culture |
| 650 ## - SUBJECT ADDED ENTRY--TOPICAL TERM | |
| Topical term or geographic name entry element | Race |
| 650 ## - SUBJECT ADDED ENTRY--TOPICAL TERM | |
| Topical term or geographic name entry element | History |
| 942 ## - Koha item type (Biblio) | |
| Koha item type | Books in Stacks (Lending) |
| Lost status | Damaged status | Collection code | Home library | Current library | Shelving location | Date acquired | Full call number | Accession Number | Item type |
|---|---|---|---|---|---|---|---|---|---|
| Lending | WERC Library | WERC Library | Social Science Cupboard | 03/31/2024 | 301.01 YOU | 5439 | Books in Stacks (Lending) |
